000 00519nam a2200157Ia 4500
003 IQ-KOUCL
041 _aArabic
082 _a930,1 cut-392 ي
100 _a20260118u\\\\\\\\\\\y0engy0103\\\\ba
100 _aد.اسامة عدنان يحيى
245 0 _aالقربان والمقدس الصورة التاريخية للدين في الحضارات القديمة الجزء الثاني
250 _aط1
260 _bدار ارام للنشر
_aدمشق - سوريا
_c2022
300 _a1243
942 _cBk
999 _c186181
_d186181